DAS WELTBILD DER NEUEN PHYSIK/

-д хадгалсан:
Номзүйн дэлгэрэнгүй
Үндсэн зохиолч: Planck, Max (autor)
Формат: Ном
Хэвлэл:5a edición
Нөхцлүүд:
Шошгууд: Шошго нэмэх
Шошго байхгүй, Энэхүү баримтыг шошголох эхний хүн болох!

MARC

LEADER 00000nam^a2200000^a^4500
001 000219346
005 20250521000000.0
009 20260310103815.2
035 |a 012823 
037 |a Acervo Xavier Clavigero 
082 |a 530. 01  |b PLA 
100 |a Planck, Max  |e (autor) 
245 1 4 |a DAS WELTBILD DER NEUEN PHYSIK/  |c MAX PLANCK 
250 |a 5a edición 
264 |a LEIPZIG :  |b JOHANN AMBROSIUS BARTH,  |c 1936 
300 |a 32p. 
336 |a texto  |b txt  |2 rdacontenido 
337 |a sin mediación  |b n  |2 rdamedio 
338 |a volumen  |b nc  |2 rdasoporte 
649 |a XX 
650 |a Física -  |x Filosofía 
910 |a Fondo General 
920 |a Impresos - Libros 
930 |a Colección General 
905 |a 101 
901 |a 012823  |b IT1  |c ACC  |i 012823  |u 20250521 
902 |a https://opac.biblio.iteso.mx/vufind/Record/000219346